000 00610nam a22002057a 4500
003 OSt
005 20140310183108.0
008 130305t xxu||||| |||| 00| 0 eng d
020 _a9789715849692
050 _aGE105 .
_b.L477 2010
082 _aFIL 363.7
_bL51 2010
245 _aLecture notes in environmental science :
_bthe economy of nature and ecology of man /
_cLee, Sergio J. , Myrna L. AƱes
260 _aQuezon City :
_bC and E Publishing,
_c2010
300 _a248 p. :
_bill.
_c26cm
521 _aCollege
526 _c1210L-1700L
541 _j1
562 _e1
942 _2lcc
_cBK
_kFIL
999 _c18807
_d18807